| 000 | 00585nam a2200133Ia 4500 | ||
|---|---|---|---|
| 008 | 150609s9999 xx 000 0 und d | ||
| 050 |
_aLB 2300 _b.F356 2015 |
||
| 100 | _aFeria, Gabrielle jennifer Ll. | ||
| 245 |
_aFactors which contribute to high academic performance of selected college students of southville international school and colleges / _cGabrielle jennifer Ll. Feria. |
||
| 260 |
_aLas PiƱas, Philippines : _bSISC, _c2015. |
||
| 300 |
_a80 pages : _billustrations ; _c28 cm. |
||
| 500 | _aIncludes bibliographical references and appendices. | ||
| 650 | _aAcademic performance | ||
| 999 |
_c285087 _d285087 |
||